000 00754nam a22002297a 4500
003 UA-OsUOA
001 84069
007 ta
008 20120517b un ||||| |||| 00| 0 ukr d
100 _aЦапок С.О.
700 _aБідак В.Я.
090 _a330(477)
_bЦ17
942 _cSA
040 _aUA-OsUOA
_bukr
_cUA-OsUOA
_dUA-OsUOA
245 _aВплив демографічного розвитку на якість трудового потенціалу регіональних суспільних систем
300 _aС.176-184
955 _a0
041 _aukr
080 _a330(477)
773 0 _w84050
_tРегіональна економіка
_dЛьвів
_d2012
_g1
650 7 _a330 Економіка взагалі
_2UDC
999 _c370387
_d370387